| 000 | 00460 a2200169 4500 | ||
|---|---|---|---|
| 003 | Nust | ||
| 005 | 20170207171611.0 | ||
| 040 | _cNust | ||
| 082 | _a005.1 | ||
| 100 | _aAkram,Zeeshan. BESE-17 | ||
| 245 |
_aServerless Tracking and Spying Application.BESE-17 _cZeeshan Akram, Farrukh Naeem, Mansoor ul Hassan. |
||
| 260 |
_aRawalpindi _bMCS _cJune 2015 |
||
| 300 | _ax,81p. | ||
| 538 | _aAlmirah No 72 Shelf No 6 | ||
| 650 | _aUG Projects | ||
| 651 | _aUG CS Projects | ||
| 942 | _cTHS | ||
| 999 |
_c217699 _d217699 |
||